Score 0/24 Timer 08:00
0 Plays Today
% Correct
Ghostbusters
99.2%
The Matrix
93%
King Kong
91.1%
The Shawshank Redemption
87%
The Hangover
86.9%
Ratatouille
84.2%
Mary Poppins
79.8%
Fiddler on the Roof
77.1%
The Avengers
73.6%
Meet the Parents
71.6%
West Side Story
69.7%
The Bourne Ultimatum
62.7%
% Correct
The Departed
61.8%
Batman Returns
61%
Vertigo
53.4%
The Naked Gun 2 1/2
45.4%
Blade Runner
44.3%
Enemy of the State
38.5%
Vanilla Sky
31.6%
The Devil's Advocate
30.3%
Clerks II
29.8%
Almost Famous
26.9%
Dawn of the Dead
22.4%
Oldboy
18.9%
Remove Ads.
Support Sporcle.
Get the best of Sporcle when you Go Orange. This ad-free experience offers more features, more stats, and more fun while also helping to support Sporcle. Thank you for becoming a member.

You're not logged in!

Compare scores with friends on all Sporcle quizzes.
OR
Log In

Show Comments

Extras

Top Quizzes Today


Score Distribution

Your Account Isn't Verified!

In order to create a playlist on Sporcle, you need to verify the email address you used during registration. Go to your Sporcle Settings to finish the process.

Report this User

Report this user for behavior that violates our Community Guidelines.

Details: